[Event "ODJM A 2017"]
[Site "Willingen GER"]
[Date "2017.06.10"]
[Round "9"]
[White "Köllner, Felicitas Ophelia"]
[Black "Meyer, Nico"]
[Result "1-0"]
[Termination "normal"]
[Board "57"]
[WhiteElo "1698"]
[BlackElo "1552"]
[PlyCount "81"]
[WhiteFideId "16207521"]
[BlackFideId "12975257"]
[EventCountry "GER"]
[EventRounds "9"]
[EventType "swiss"]
[EventDate "2017.06.03"]

1. d4 Nf6 2. Nf3 g6 3. Nbd2 Bg7 4. e4 d6 5. c3 O-O 6. Bc4 Nc6 7. O-O e5 8. Re1
Nh5 9. Nf1 Na5 10. Be2 f5 11. dxe5 fxe4 12. Qd5+ Kh8 13. Ng5 Nc6 14. Nf7+ Rxf7
15. Qxf7 Nxe5 16. Qb3 Qh4 17. Be3 Bg4 18. Qxb7 Re8 19. Qb5 Rf8 20. a4 Nf3+ 21.
Bxf3 Bxf3 22. Qg5 Qxg5 23. Bxg5 Bg4 24. Rxe4 Bc8 25. Re7 Nf6 26. Rae1 Nd5 27.
Re8 Kg8 28. Nd2 Bf5 29. Nf3 Kf7 30. Rxf8+ Kxf8 31. Nd4 Bd7 32. Ne6+ Bxe6 33.
Rxe6 Kf7 34. Re1 Be5 35. h3 Nf4 36. Bxf4 Bxf4 37. Kf1 Kf6 38. Re8 Bc1 39. b3
Bd2 40. Ra8 Bxc3 41. Rxa7 1-0

[Event "ODJM A 2017"]
[Site "Willingen GER"]
[Date "2017.06.10"]
[Round "9"]
[White "Meijerink, Inken"]
[Black "Baumann, Marcel"]
[Result "0-1"]
[Termination "normal"]
[Board "58"]
[WhiteElo "1532"]
[BlackElo "1712"]
[PlyCount "96"]
[WhiteFideId "16225465"]
[BlackFideId "12974668"]
[EventCountry "GER"]
[EventRounds "9"]
[EventType "swiss"]
[EventDate "2017.06.03"]

1. e4 d5 2. exd5 Qxd5 3. Nc3 Qd6 4. d4 Nf6 5. Bd3 a6 6. Nge2 b5 7. Ne4 Nxe4 8.
Bxe4 c6 9. Bf4 Qd7 10. O-O e6 11. a4 Bb7 12. Qd3 Bd6 13. Qg3 Bxf4 14. Qxg7
Bxh2+ 15. Kxh2 Rf8 16. Kg1 f5 17. Qxd7+ Nxd7 18. Bf3 O-O-O 19. axb5 cxb5 20.
Bxb7+ Kxb7 21. Nf4 Rf6 22. Rfe1 Re8 23. Nd3 Rg6 24. Re3 Rg4 25. c3 Reg8 26. Ne1
R8g6 27. f3 R4g5 28. Re2 h5 29. Nd3 Rg7 30. Nf4 Nf8 31. b3 h4 32. Raa2 Re7 33.
c4 Rgg7 34. c5 e5 35. Rxe5 Rxe5 36. dxe5 Re7 37. Re2 a5 38. Nd3 Kc6 39. Kh2 Ne6
40. f4 Rd7 41. Re3 Rd4 42. Kh3 Rxd3 43. Rxd3 Nxf4+ 44. Kxh4 Nxd3 45. e6 Nxc5
46. Kg5 Nxe6+ 47. Kxf5 Kd5 48. g4 a4 0-1

[Event "ODJM A 2017"]
[Site "Willingen GER"]
[Date "2017.06.10"]
[Round "9"]
[White "Stockter, Jasper Enno"]
[Black "Lohrmann, Tabea"]
[Result "1/2-1/2"]
[Termination "normal"]
[Board "59"]
[WhiteElo "1559"]
[BlackElo "1729"]
[PlyCount "103"]
[WhiteFideId "12957291"]
[BlackFideId "12911941"]
[EventCountry "GER"]
[EventRounds "9"]
[EventType "swiss"]
[EventDate "2017.06.03"]

1. e4 e5 2. Nf3 Nc6 3. d4 exd4 4. Nxd4 Bc5 5. Be3 Qf6 6. Nb5 Bxe3 7. fxe3 Kd8
8. N1c3 a6 9. Nxc7 Qh4+ 10. g3 Qg5 11. Nxa8 Qxe3+ 12. Qe2 Qc5 13. O-O-O Nf6 14.
Na4 Qe7 15. N8b6 d6 16. Nxc8 Kxc8 17. Nb6+ Kb8 18. Nd5 Qe6 19. Nxf6 Qxf6 20.
Qd3 Rd8 21. Qc4 Qf3 22. Bh3 Qf6 23. Kb1 Ne5 24. Qd5 Qe7 25. Rhf1 f6 26. Qe6 Qc7
27. Rd3 Nxd3 28. cxd3 Ka7 29. Rc1 Qb6 30. Qe7 d5 31. Qc7 dxe4 32. Qxb6+ Kxb6
33. dxe4 Rd2 34. a3 Rxh2 35. Bf1 Rf2 36. Bc4 Rd2 37. Rc3 h5 38. Bd5 g5 39. Rb3+
Kc5 40. Bxb7 a5 41. a4 Rg2 42. Ka2 Rg1 43. Bd5 h4 44. gxh4 gxh4 45. Rc3+ Kd4
46. Rh3 Rg4 47. Bb7 Rf4 48. Ka3 Rg4 49. b4 Rg3+ 50. Rxg3 hxg3 51. e5 fxe5 52.
bxa5 1/2-1/2

[Event "ODJM A 2017"]
[Site "Willingen GER"]
[Date "2017.06.10"]
[Round "9"]
[White "Fromm, Johannes"]
[Black "Lilienthal, Niels Bennett"]
[Result "1-0"]
[Termination "normal"]
[Board "60"]
[WhiteElo "1636"]
[BlackElo "1567"]
[PlyCount "117"]
[WhiteFideId "12993204"]
[BlackFideId "16205421"]
[EventCountry "GER"]
[EventRounds "9"]
[EventType "swiss"]
[EventDate "2017.06.03"]

1. Nf3 Nf6 2. b3 g6 3. Bb2 Bg7 4. g3 O-O 5. Bg2 d6 6. d4 Nbd7 7. O-O c5 8. c3
Rb8 9. Re1 b6 10. e4 e6 11. Na3 a6 12. Nc4 d5 13. exd5 Nxd5 14. Nd6 Qc7 15.
Nxc8 Rbxc8 16. Rc1 cxd4 17. Nxd4 N5f6 18. Nc6 Nc5 19. Qc2 Nd5 20. Nd4 Rfd8 21.
b4 Nb7 22. Qe2 a5 23. Nxe6 fxe6 24. Qxe6+ Qf7 25. Bxd5 Rxd5 26. Qxc8+ Rd8 27.
Qe6 Rd2 28. Qxf7+ Kxf7 29. Ba1 Rxa2 30. bxa5 Nxa5 31. Rb1 Nc4 32. Rb4 Na3 33.
Rb2 Rxa1 34. Rxa1 Bxc3 35. Rxa3 Bxb2 36. Ra7+ Kg8 37. Rb7 Bd4 38. Kg2 h5 39. f3
Kf8 40. g4 h4 41. f4 Be3 42. Kf3 Bc5 43. h3 Be7 44. Rxb6 Kf7 45. Rb7 Ke6 46.
Ke4 Bd6 47. Rb6 Ke7 48. Rb7+ Ke6 49. Rh7 g5 50. Rh6+ Ke7 51. Rxd6 Kxd6 52. fxg5
Ke6 53. Kf4 Kf7 54. Kf5 Kg7 55. g6 Kf8 56. Kg5 Kg7 57. Kh5 Kg8 58. Kxh4 Kg7 59.
Kg5 1-0

[Event "ODJM A 2017"]
[Site "Willingen GER"]
[Date "2017.06.10"]
[Round "9"]
[White "Thumm, Felix"]
[Black "Zha, Kevin"]
[Result "1/2-1/2"]
[Termination "normal"]
[Board "61"]
[WhiteElo "1879"]
[BlackElo "1591"]
[PlyCount "52"]
[WhiteFideId "12902209"]
[BlackFideId "16208951"]
[EventCountry "GER"]
[EventRounds "9"]
[EventType "swiss"]
[EventDate "2017.06.03"]

1. d4 Nf6 2. Nf3 d5 3. e3 c5 4. b3 Nc6 5. Bb2 Bg4 6. Nbd2 e6 7. Bd3 Bd6 8. dxc5
Bxc5 9. O-O O-O 10. a3 a6 11. Be2 Qc7 12. c4 dxc4 13. Nxc4 Nd5 14. Qc2 Bf5 15.
Bd3 Bxd3 16. Qxd3 h6 17. b4 Be7 18. Rac1 Rfd8 19. Qb3 Rac8 20. Nd4 Nxd4 21.
Bxd4 Bf6 22. Bxf6 Nxf6 23. f3 b5 24. Na5 Qb6 25. Rcd1 Nd5 26. Rd3 Rc7 1/2-1/2

[Event "ODJM A 2017"]
[Site "Willingen GER"]
[Date "2017.06.10"]
[Round "9"]
[White "Todua, Anastasia"]
[Black "Nasoyan, Maksim"]
[Result "1-0"]
[Termination "normal"]
[Board "62"]
[WhiteElo "1588"]
[BlackElo "1917"]
[PlyCount "83"]
[WhiteFideId "24174335"]
[BlackFideId "16220331"]
[EventCountry "GER"]
[EventRounds "9"]
[EventType "swiss"]
[EventDate "2017.06.03"]

1. e4 c5 2. Nf3 Nc6 3. Bb5 e6 4. Bxc6 dxc6 5. b3 Nf6 6. d3 Be7 7. Bb2 O-O 8.
O-O a5 9. a4 Ne8 10. Nbd2 Bf6 11. e5 Be7 12. Re1 Nc7 13. Ne4 b6 14. Nfd2 Ba6
15. Qg4 Kh8 16. Re3 Nd5 17. Rg3 Rg8 18. c4 f5 19. exf6 Nxf6 20. Ng5 Rf8 21.
Qxe6 Rb8 22. Nf7+ Rxf7 23. Qxf7 Bf8 24. Bxf6 Qxf6 25. Qxf6 gxf6 26. Re1 Bh6 27.
Ne4 Re8 28. Kf1 f5 29. Nf6 Rxe1+ 30. Kxe1 Bg7 31. Nd7 f4 32. Rf3 Bc3+ 33. Kf1
Kg7 34. Rxf4 Bc8 35. Nxb6 Bb7 36. Ke2 Bf6 37. h4 Be7 38. h5 Bd6 39. Rf5 Bc7 40.
h6+ Kg8 41. Nd7 Bc8 42. Rf8# 1-0

[Event "ODJM A 2017"]
[Site "Willingen GER"]
[Date "2017.06.10"]
[Round "9"]
[White "Graf, Maria"]
[Black "Petri, Ben-Luca"]
[Result "0-1"]
[Termination "normal"]
[Board "63"]
[WhiteElo "1546"]
[BlackElo "1709"]
[PlyCount "86"]
[WhiteFideId "12917702"]
[BlackFideId "12947261"]
[EventCountry "GER"]
[EventRounds "9"]
[EventType "swiss"]
[EventDate "2017.06.03"]

1. d4 Nf6 2. Bf4 d5 3. e3 c5 4. c3 Nc6 5. Nf3 Qb6 6. Qb3 c4 7. Qxb6 axb6 8.
Nbd2 b5 9. Be2 e6 10. O-O b4 11. Rfc1 b5 12. Ne5 Nxe5 13. Bxe5 Nd7 14. Bg3 Be7
15. Nf3 O-O 16. Bh4 f6 17. Bg3 Bb7 18. Nd2 Ra6 19. cxb4 Bxb4 20. Rc2 Rfa8 21.
a3 Be7 22. Rcc1 Kf7 23. h3 R6a7 24. Kh2 b4 25. b3 c3 26. Nf3 Rxa3 27. Rxa3 Rxa3
28. Bb5 Nb6 29. Rb1 Ba6 30. Bxa6 Rxa6 31. Ne1 Nc8 32. Nd3 Na7 33. f3 Ra3 34.
Nc5 Nb5 35. Bf2 Ra2 36. Be1 Bxc5 37. dxc5 Ke7 38. Kg3 Kd7 39. Bf2 Kc6 40. Rd1
Rd2 41. Ra1 Na3 42. h4 c2 43. e4 Rd1 0-1

[Event "ODJM A 2017"]
[Site "Willingen GER"]
[Date "2017.06.10"]
[Round "9"]
[White "Askri, Samir"]
[Black "Grunert, Wilhelm"]
[Result "1-0"]
[Termination "normal"]
[Board "64"]
[WhiteElo "1796"]
[BlackElo "1584"]
[PlyCount "49"]
[WhiteFideId "12924938"]
[BlackFideId "12995673"]
[EventCountry "GER"]
[EventRounds "9"]
[EventType "swiss"]
[EventDate "2017.06.03"]

1. d4 Nf6 2. Nf3 g6 3. c4 Bg7 4. Nc3 d6 5. e4 O-O 6. Be2 e5 7. O-O Nc6 8. d5
Ne7 9. Ne1 Ne8 10. Be3 f5 11. f3 Nf6 12. Rc1 f4 13. Bf2 g5 14. c5 h5 15. cxd6
cxd6 16. Nb5 g4 17. Nc7 Ng6 18. Nxa8 Rf7 19. Qc2 Ne8 20. Qxc8 Qg5 21. Qxe8+ Rf8
22. Qe6+ Kh7 23. fxg4 Rf6 24. Nf3 Qh6 25. g5 1-0

[Event "ODJM A 2017"]
[Site "Willingen GER"]
[Date "2017.06.10"]
[Round "9"]
[White "Wagner, Swenja"]
[Black "Leimbach, Tim Vincent"]
[Result "0-1"]
[Termination "normal"]
[Board "65"]
[WhiteElo "1779"]
[BlackElo "1640"]
[PlyCount "98"]
[WhiteFideId "12900494"]
[BlackFideId "12988600"]
[EventCountry "GER"]
[EventRounds "9"]
[EventType "swiss"]
[EventDate "2017.06.03"]

1. e4 c5 2. Nf3 Nc6 3. d4 cxd4 4. Nxd4 g6 5. Nc3 Bg7 6. Be3 Nf6 7. f3 O-O 8.
Qd2 d5 9. exd5 Nxd5 10. Bf2 Nxc3 11. bxc3 Qa5 12. Nb3 Qxc3 13. Rd1 Bf5 14. Bd3
Bxd3 15. cxd3 Rfd8 16. O-O Qxd2 17. Rxd2 Nd4 18. Nxd4 Bxd4 19. Bxd4 Rxd4 20.
Rc1 Rad8 21. Rc7 R8d7 22. Rc3 e6 23. Kf2 Kf8 24. Ke3 Ke7 25. Rdc2 h5 26. Rb2 b6
27. Rbb3 R4d5 28. Kd2 Kd8 29. Ra3 Rb7 30. Rc6 Rdd7 31. Rc4 Rbc7 32. Rf4 Kc8 33.
Rfa4 Kb8 34. Rc3 Rxc3 35. Kxc3 Kb7 36. d4 Rd5 37. Rb4 a6 38. Rb2 b5 39. f4 Rd7
40. Kd3 Rc7 41. Ke4 Kb6 42. h3 a5 43. Ke5 b4 44. Ke4 Kb5 45. g4 hxg4 46. hxg4
a4 47. Rh2 b3 48. axb3 axb3 49. Rb2 Kb4 0-1

[Event "ODJM A 2017"]
[Site "Willingen GER"]
[Date "2017.06.10"]
[Round "9"]
[White "Rohde, Niclas"]
[Black "Niemann, Leon"]
[Result "0-1"]
[Termination "normal"]
[Board "66"]
[WhiteElo "1587"]
[BlackElo "1567"]
[PlyCount "102"]
[WhiteFideId "16230205"]
[BlackFideId "16218388"]
[EventCountry "GER"]
[EventRounds "9"]
[EventType "swiss"]
[EventDate "2017.06.03"]

1. e4 c5 2. Nc3 Nc6 3. g3 g6 4. Bg2 Bg7 5. Nge2 Nf6 6. d3 O-O 7. O-O e6 8. f4
d5 9. e5 Ne8 10. d4 c4 11. b3 cxb3 12. Ba3 bxc2 13. Qxc2 Ne7 14. Rfc1 Nc7 15.
Qb3 Re8 16. Rc2 Nc6 17. Nd1 Na5 18. Qb1 Nc4 19. Bc1 Rb8 20. Ne3 Nxe3 21. Bxe3
Na8 22. Bf1 Nb6 23. Nc3 Bd7 24. Nb5 Bxb5 25. Qxb5 Rc8 26. Rac1 Rxc2 27. Rxc2
Re7 28. Qc5 Bf8 29. Qa5 Qb8 30. Bc1 Na8 31. Ba3 Re8 32. Bxf8 Rxf8 33. Qc5 Nb6
34. Qa5 Kg7 35. Qa3 Rc8 36. Qc1 Rxc2 37. Qxc2 Qc8 38. Qb2 Qc7 39. Qa3 a6 40.
Qb4 Na8 41. Qa3 Qd7 42. Qb4 b5 43. Qa3 Qb7 44. Qb4 Nb6 45. Qa3 Nc4 46. Qc3 b4
47. Qb3 Qb5 48. Kf2 a5 49. a4 Qb6 50. Bxc4 Qxd4+ 51. Ke2 Qxc4+ 0-1

[Event "ODJM A 2017"]
[Site "Willingen GER"]
[Date "2017.06.10"]
[Round "9"]
[White "Brockmeyer, Tobias"]
[Black "Werner, Tom"]
[Result "1-0"]
[Termination "normal"]
[Board "67"]
[WhiteElo "1586"]
[BlackElo "1593"]
[PlyCount "67"]
[WhiteFideId "12982385"]
[BlackFideId "16223756"]
[EventCountry "GER"]
[EventRounds "9"]
[EventType "swiss"]
[EventDate "2017.06.03"]

1. d4 d5 2. c4 e6 3. Nc3 Nf6 4. cxd5 exd5 5. Bg5 Be7 6. e3 Be6 7. Bd3 O-O 8.
Qc2 Nbd7 9. Nge2 c5 10. dxc5 Bxc5 11. O-O a6 12. Bf5 g6 13. Bd3 b5 14. Nf4 Qb6
15. Bh6 Rfe8 16. Nce2 Ne5 17. Nxe6 Rxe6 18. Nf4 Rc6 19. Qd2 a5 20. Bg5 Neg4 21.
Qe2 h6 22. Bxf6 Nxf6 23. Bxb5 Rc7 24. a4 Re7 25. Qf3 Rd8 26. Rad1 d4 27. exd4
Rxd4 28. Rxd4 Bxd4 29. b3 Ne4 30. Nd5 Nd2 31. Nxe7+ Kg7 32. Qc6 Qa7 33. Nc8 Qe7
34. Nxe7 1-0

[Event "ODJM A 2017"]
[Site "Willingen GER"]
[Date "2017.06.10"]
[Round "9"]
[White "Conte, Adrian"]
[Black "Silini, Jalel"]
[Result "0-1"]
[Termination "normal"]
[Board "68"]
[WhiteElo "1698"]
[BlackElo "1581"]
[PlyCount "108"]
[WhiteFideId "12925993"]
[BlackFideId "16215397"]
[EventCountry "GER"]
[EventRounds "9"]
[EventType "swiss"]
[EventDate "2017.06.03"]

1. e4 e5 2. Bc4 Nc6 3. Nc3 Nf6 4. d3 Bc5 5. Bg5 h6 6. Bh4 d6 7. Nge2 Bd7 8. Qd2
Nxe4 9. Bxd8 Nxd2 10. Bxc7 Nxc4 11. dxc4 Rc8 12. Nb5 Nb4 13. Nxd6+ Bxd6 14.
Bxd6 Nxc2+ 15. Kd2 Nxa1 16. Rxa1 Rxc4 17. Bxe5 O-O 18. Bc3 Rcc8 19. Nd4 Rcd8
20. Kc2 Rfe8 21. Rd1 g6 22. b3 Rc8 23. Kb2 Bc6 24. f3 Rcd8 25. Rd2 Rc8 26. h3
Kh7 27. Rd1 Re3 28. Rd2 Bxf3 29. Nxf3 Rexc3 30. Ne5 R3c7 31. Nc4 Kg7 32. Nd6
Rf8 33. Re2 Kg8 34. Nb5 Rc5 35. Nd6 Rd5 36. Ne8 Rd8 37. Nf6+ Kg7 38. Ng4 Rfe8
39. Rc2 a6 40. Nh2 Rd7 41. Nf3 Rde7 42. Nd4 Rd7 43. Nf3 f6 44. Rf2 g5 45. g4
Rd3 46. Kc2 Ree3 47. Ng1 Rg3 48. Rh2 Rc3+ 49. Kd2 Rgd3+ 50. Ke1 Rc1+ 51. Kf2
Rc2+ 52. Ne2 Rxa2 53. Kg1 Rxb3 54. Nc1 Ra1 0-1

[Event "ODJM A 2017"]
[Site "Willingen GER"]
[Date "2017.06.10"]
[Round "9"]
[White "von Pückler, Konstantin"]
[Black "Straßburg, Robin"]
[Result "1/2-1/2"]
[Termination "normal"]
[Board "70"]
[WhiteElo "1525"]
[BlackElo "1673"]
[PlyCount "97"]
[WhiteFideId "16205847"]
[BlackFideId "16210018"]
[EventCountry "GER"]
[EventRounds "9"]
[EventType "swiss"]
[EventDate "2017.06.03"]

1. e4 e5 2. Nf3 Nc6 3. Bb5 Nf6 4. O-O Nxe4 5. Re1 Nd6 6. Bxc6 dxc6 7. Nxe5 Be7
8. d4 O-O 9. Nc3 Be6 10. Be3 Nc4 11. Nxc4 Bxc4 12. Ne4 Bd5 13. Nc5 b6 14. Nd3
Re8 15. Qd2 Bd6 16. Bf4 Re6 17. Rxe6 Bxe6 18. Bxd6 Qxd6 19. Qf4 Rd8 20. Qxd6
Rxd6 21. Nf4 Rxd4 22. Nxe6 fxe6 23. Kf1 Kf7 24. Ke2 Kf6 25. Ke3 c5 26. a4 a5
27. Ra3 Rb4 28. Ra2 Ke5 29. f3 Kf6 30. c3 Rh4 31. h3 Rh5 32. b3 Rd5 33. c4 Rd1
34. Rb2 Ke5 35. Ke2 Rd4 36. Ke3 g5 37. Rb1 h5 38. g4 hxg4 39. hxg4 Kf6 40. Rh1
Kg6 41. Rg1 Rd7 42. Rh1 Rd8 43. Ke4 Rd2 44. Rb1 Rh2 45. Rc1 Rb2 46. Rc3 Kf6 47.
Re3 Rc2 48. Kd3 Rc1 49. Kd2 1/2-1/2

[Event "ODJM A 2017"]
[Site "Willingen GER"]
[Date "2017.06.10"]
[Round "9"]
[White "Wastian, Mareike"]
[Black "von Freymann, Franz"]
[Result "1-0"]
[Termination "normal"]
[Board "71"]
[WhiteElo "1711"]
[BlackElo "1643"]
[PlyCount "79"]
[WhiteFideId "12947423"]
[BlackFideId "12994014"]
[EventCountry "GER"]
[EventRounds "9"]
[EventType "swiss"]
[EventDate "2017.06.03"]

1. e4 c5 2. Nf3 d6 3. d4 cxd4 4. Nxd4 Nf6 5. Nc3 g6 6. Be3 Bg7 7. f3 O-O 8. Qd2
Nc6 9. O-O-O d5 10. Qe1 Nxd4 11. Bxd4 Qa5 12. exd5 b5 13. Bxb5 a6 14. Bc4 Qb4
15. Bb3 Qb7 16. Kb1 a5 17. Qf2 Bd7 18. a4 Bf5 19. Ka1 Rab8 20. Nb5 Bd7 21. c4
Rfc8 22. Rc1 Bxb5 23. axb5 Nd7 24. Bxg7 Kxg7 25. Qd4+ Kg8 26. h4 Nc5 27. Ba2 a4
28. Rc3 Ra8 29. Ra3 Nb3+ 30. Bxb3 axb3 31. Qd3 Qb6 32. Qxb3 Qf2 33. Rc1 Qxh4
34. c5 Qf4 35. Qc3 Qg5 36. b6 Qxd5 37. c6 Rxa3+ 38. Qxa3 Rxc6 39. Qa8+ Kg7 40.
Qxc6 1-0

[Event "ODJM A 2017"]
[Site "Willingen GER"]
[Date "2017.06.10"]
[Round "9"]
[White "Troyke, Jannis"]
[Black "May, Ben-Iven"]
[Result "0-1"]
[Termination "normal"]
[Board "72"]
[WhiteElo "1896"]
[BlackElo "1861"]
[PlyCount "50"]
[WhiteFideId "12993115"]
[BlackFideId "16229673"]
[EventCountry "GER"]
[EventRounds "9"]
[EventType "swiss"]
[EventDate "2017.06.03"]

1. e4 e5 2. Nf3 Nc6 3. d4 exd4 4. Bc4 Nf6 5. e5 d5 6. Bb5 Ne4 7. Nxd4 Bd7 8.
Bxc6 bxc6 9. O-O Be7 10. f3 Nc5 11. f4 f5 12. b4 Ne4 13. e6 Bc8 14. Nxf5 O-O
15. Qg4 Rxf5 16. Qxf5 Bf6 17. c3 Ba6 18. Rf3 Qf8 19. Qh3 c5 20. a3 d4 21. Ra2
Bc4 22. Rb2 a5 23. b5 Rd8 24. g4 dxc3 25. Nxc3 Bxc3 0-1

[Event "ODJM A 2017"]
[Site "Willingen GER"]
[Date "2017.06.10"]
[Round "9"]
[White "Nimptsch, Nikolas"]
[Black "Böhlemann, Christian"]
[Result "1-0"]
[Termination "normal"]
[Board "73"]
[WhiteElo "1536"]
[BlackElo "1565"]
[PlyCount "113"]
[WhiteFideId "16245334"]
[EventCountry "GER"]
[EventRounds "9"]
[EventType "swiss"]
[EventDate "2017.06.03"]

1. Nf3 Nf6 2. c4 c5 3. g3 g6 4. Bg2 Bg7 5. O-O Nc6 6. d3 e5 7. Nc3 d6 8. Bd2
Be6 9. a3 a5 10. Na2 d5 11. Ng5 Qd7 12. Nxe6 fxe6 13. Nc3 O-O 14. Rb1 Rad8 15.
Bg5 Ne7 16. Qa4 b6 17. b4 axb4 18. axb4 h6 19. Bxf6 Bxf6 20. Qxd7 Rxd7 21. Na4
Rd6 22. bxc5 bxc5 23. Nxc5 dxc4 24. dxc4 Kf7 25. Ne4 Rd7 26. Rfd1 Rc7 27. Nd6+
Kg8 28. Rb7 Rxb7 29. Nxb7 Nf5 30. Bh3 Kf7 31. Nd6+ Ke7 32. Ne4 Rc8 33. Rc1 Nd4
34. Kf1 Nb3 35. Rb1 Rxc4 36. Rxb3 Rxe4 37. Rb6 Rd4 38. Rxe6+ Kf7 39. Kg2 h5 40.
Kf3 g5 41. Bf5 Ra4 42. Rb6 Ra7 43. Bd3 h4 44. Kg4 Kg7 45. Kf5 Rf7 46. Kg4 Ra7
47. Rc6 Rb7 48. Bc4 Kg6 49. Bd5 Rd7 50. e4 Ra7 51. Rc8 Rd7 52. Rf8 Rc7 53. Be6
Ra7 54. Rg8+ Rg7 55. Rf8 hxg3 56. Bf5+ Kh6 57. Rh8+ 1-0

[Event "ODJM A 2017"]
[Site "Willingen GER"]
[Date "2017.06.10"]
[Round "9"]
[White "Ziegenfuß, Larissa"]
[Black "Khanbekyan, Areg"]
[Result "1-0"]
[Termination "normal"]
[Board "74"]
[WhiteElo "1685"]
[BlackElo "1647"]
[PlyCount "121"]
[WhiteFideId "12974722"]
[BlackFideId "12993727"]
[EventCountry "GER"]
[EventRounds "9"]
[EventType "swiss"]
[EventDate "2017.06.03"]

1. e4 c5 2. Nc3 Nc6 3. Nge2 g6 4. g3 Bg7 5. Bg2 d6 6. d3 e5 7. Be3 Nge7 8. Qd2
O-O 9. h4 f6 10. h5 g5 11. f4 h6 12. fxg5 fxg5 13. O-O-O Be6 14. Rdf1 Qa5 15.
Kb1 b5 16. Nd5 Bxd5 17. Qxa5 Nxa5 18. exd5 Rxf1+ 19. Rxf1 Rf8 20. Rxf8+ Kxf8
21. b4 Nb7 22. a3 a6 23. c4 Nf5 24. Bf2 bxc4 25. dxc4 a5 26. b5 Ke7 27. Bh3 Kf6
28. Nc3 Nd4 29. Bc8 Nd8 30. b6 Ke7 31. b7 Nxb7 32. Bxb7 Kd7 33. Ba6 Kc7 34. Bb5
Nxb5 35. Nxb5+ Kd7 36. Kc2 Bf6 37. Kb3 e4 38. Ka4 Bd8 39. Be1 e3 40. Nc3 Bf6
41. Ne2 Bd4 42. Kxa5 Kc7 43. Kb5 Kb7 44. a4 Be5 45. Bc3 Bxc3 46. Nxc3 g4 47. a5
Ka7 48. Kc6 Ka6 49. Kxd6 Kxa5 50. Kc6 Kb4 51. Ne2 Kxc4 52. d6 Kd3 53. Nf4+ Kd2
54. d7 c4 55. d8=Q+ Kc2 56. Qd4 c3 57. Qxe3 Kb1 58. Qxc3 Ka2 59. Qb4 Ka1 60.
Nd3 Ka2 61. Qb2# 1-0

[Event "ODJM A 2017"]
[Site "Willingen GER"]
[Date "2017.06.10"]
[Round "9"]
[White "Jenner, Meikel"]
[Black "Rupp, Andreas"]
[Result "1-0"]
[Termination "normal"]
[Board "75"]
[WhiteElo "1464"]
[BlackElo "1672"]
[PlyCount "44"]
[WhiteFideId "16245342"]
[BlackFideId "16225503"]
[EventCountry "GER"]
[EventRounds "9"]
[EventType "swiss"]
[EventDate "2017.06.03"]

1. e4 e5 2. Nc3 Nf6 3. f4 d5 4. exd5 exf4 5. Nf3 Bb4 6. a3 Ba5 7. Bc4 O-O 8.
O-O c6 9. dxc6 Nxc6 10. d4 Bb6 11. Ne2 Nh5 12. c3 Qf6 13. Kh1 g5 14. Nxg5 Qxg5
15. Nxf4 Bg4 16. Qc2 Qh4 17. Nxh5 Qxh5 18. Rf6 Bc7 19. Rh6 Bf5 20. Bd3 Rfe8 21.
Bd2 Bxd3 22. Qxd3 Kf8 1-0

[Event "ODJM A 2017"]
[Site "Willingen GER"]
[Date "2017.06.10"]
[Round "9"]
[White "Kistner, Sinan"]
[Black "Grozea, Filip"]
[Result "1/2-1/2"]
[Termination "normal"]
[Board "76"]
[WhiteElo "1560"]
[BlackElo "1582"]
[PlyCount "60"]
[WhiteFideId "16219643"]
[BlackFideId "12958450"]
[EventCountry "GER"]
[EventRounds "9"]
[EventType "swiss"]
[EventDate "2017.06.03"]

1. c4 Nf6 2. Nf3 g6 3. g3 Bg7 4. Bg2 O-O 5. O-O d6 6. d4 c5 7. Nc3 Bd7 8. dxc5
dxc5 9. Ne5 Qb6 10. Nxd7 Nbxd7 11. Qc2 Rfd8 12. Na4 Qc7 13. Rd1 Nb6 14. Bf4 e5
15. Nxb6 axb6 16. Bg5 Rxd1+ 17. Qxd1 Rd8 18. Qc2 h6 19. Bxf6 Bxf6 20. Rd1 Rd7
21. Rxd7 Qxd7 22. Qd3 Qxd3 23. exd3 e4 24. dxe4 Bxb2 25. f4 Kf8 26. e5 Ke7 27.
Bxb7 f6 28. exf6+ Kxf6 29. Kf2 Bc3 30. Kf3 Be1 1/2-1/2

[Event "ODJM A 2017"]
[Site "Willingen GER"]
[Date "2017.06.10"]
[Round "9"]
[White "Franz, Franz Theodor"]
[Black "Unbehend, Marius"]
[Result "1-0"]
[Termination "normal"]
[Board "77"]
[WhiteElo "1341"]
[BlackElo "1391"]
[PlyCount "93"]
[WhiteFideId "12992674"]
[BlackFideId "16214420"]
[EventCountry "GER"]
[EventRounds "9"]
[EventType "swiss"]
[EventDate "2017.06.03"]

1. e4 e6 2. d4 d5 3. Nc3 Bb4 4. a3 Bxc3+ 5. bxc3 Ne7 6. e5 c5 7. f4 Nbc6 8. Nf3
O-O 9. Be2 Qa5 10. Bd2 Qa4 11. Be3 Nf5 12. Bf2 Bd7 13. g4 Nfe7 14. O-O Rfc8 15.
Qd2 Rc7 16. dxc5 Qa5 17. h4 Rcc8 18. Qd3 Qa4 19. Be3 Ng6 20. Ng5 h6 21. h5 Nf8
22. Nh3 Ne7 23. Rf2 a6 24. Rg2 Bc6 25. Bd4 Bb5 26. Qe3 Bxe2 27. Qxe2 Qa5 28.
Rf1 Rxc5 29. f5 Rxc3 30. Bxc3 Qxc3 31. Rf3 Qa1+ 32. Kh2 Nc6 33. Rf1 Qxe5+ 34.
Qxe5 Nxe5 35. g5 hxg5 36. Rxg5 Nh7 37. Rg3 Nf6 38. fxe6 fxe6 39. Rxf6 Rc8 40.
Rf2 Rc4 41. Rfg2 Rc7 42. h6 Rf7 43. Rxg7+ Rxg7 44. hxg7 Nc4 45. Nf4 Nxa3 46.
Nxe6 Nb5 47. Rf2 1-0

[Event "ODJM A 2017"]
[Site "Willingen GER"]
[Date "2017.06.10"]
[Round "9"]
[White "Svane, Freja"]
[Black "Loßin, Charlotte"]
[Result "1/2-1/2"]
[Termination "normal"]
[Board "78"]
[WhiteElo "1446"]
[BlackElo "1524"]
[PlyCount "54"]
[WhiteFideId "12940100"]
[BlackFideId "16218345"]
[EventCountry "GER"]
[EventRounds "9"]
[EventType "swiss"]
[EventDate "2017.06.03"]

1. e4 e6 2. d4 d5 3. Nd2 c5 4. exd5 exd5 5. Ngf3 Nf6 6. Bb5+ Bd7 7. Bxd7+ Nbxd7
8. O-O c4 9. c3 Be7 10. Re1 O-O 11. Ne5 Re8 12. Ndf3 Ne4 13. Nxd7 Qxd7 14. Ne5
Qf5 15. Qf3 Qxf3 16. Nxf3 Bd6 17. Be3 b5 18. Nd2 b4 19. Nxe4 Rxe4 20. Bd2 Rxe1+
21. Rxe1 bxc3 22. bxc3 Rb8 23. g3 Kf8 24. Ra1 Rb2 25. Be1 Rc2 26. a4 Bc7 27. a5
Rb2 1/2-1/2